International law enforcement new tendencies : 2005 international law session

Αποθηκεύτηκε σε:
Λεπτομέρειες βιβλιογραφικής εγγραφής
Συγγραφή απο Οργανισμό/Αρχή: Ινστιτούτο Διεθνούς Δημοσίου Δικαίου & Διεθνών Σχέσεων
Άλλοι συγγραφείς: Κούφα, Καλλιόπη (Επιμελητής έκδοσης)
Μορφή: Βιβλίο
Γλώσσα:English
Δημοσίευση: Θεσσαλονίκη : Σάκκουλας, 2010
Σειρά:Thesaurus acroasium ; ; 36
Θέματα:
Ετικέτες: Προσθήκη ετικέτας
Δεν υπάρχουν, Καταχωρήστε ετικέτα πρώτοι!

MARC

LEADER 00000cam a2200000 i 4500
001 1/50195
008 140630s2010 eng d
020 |a 978-960-445-542-3 
035 |l 10118119 
040 |a GR-MY-UA  |b gre  |e aacr 
041 0 |a eng 
082 0 |a 341  |2 (23) 
110 1 |a Ινστιτούτο Διεθνούς Δημοσίου Δικαίου & Διεθνών Σχέσεων. 
245 1 0 |a International law enforcement new tendencies :  |b 2005 international law session /  |c Ινστιτούτο Διεθνούς Δημοσίου Δικαίου και Διεθνών Σχέσεων Θεσσαλονίκης ; επιμέλεια: Κούφα Καλλιόπη 
260 |a Θεσσαλονίκη :   |b Σάκκουλας,   |c 2010 
300 |a 513 σ.;  |c 24 εκ. 
490 1 |a Thesaurus acroasium  |v ; 36 
500 |a Περιλαμβάνει κείμενα στα αγγλικά, γαλλικά 
504 |a Περιλαμβάνει βιβλιογραφικές παραπομπές 
650 0 0 |a International law. 
650 0 0 |a Law enforcement. 
650 0 0 |a International offenses. 
700 1 |a Κούφα, Καλλιόπη.  |4 edt 
830 0 |a Thesaurus acroasium ;  |v ; 36 
852 |a INST  |b RHODES  |e 20140630  |h 341 INT  |p 005400036624  |q 005400036624  |t BK  |y 0 
901 |a BIBL4-2014-2 
909 |a Ρ  |b 183126 
970 |z 2014/06/30